| 000 | 00469nam a2200181Ia 4500 | ||
|---|---|---|---|
| 008 | 230524s9999 xx 000 0 und d | ||
| 020 | _a9788126551255 | ||
| 082 |
_a681.2 _bDAR |
||
| 100 | _aWaltenegus Dargie | ||
| 245 | 0 | _aFundamentals of Wireless Sensor Networks | |
| 250 | _a1 | ||
| 260 |
_aNew Delhi _bwiley _c2017 |
||
| 300 | _a"XIII,303p;" | ||
| 500 | _aQuantity Number: 50 | ||
| 650 | _aComputer Science | ||
| 700 | _aChristian Poellabauer | ||
| 942 | _cBK | ||
| 999 |
_c59518 _d59518 |
||